La novelística de Camilo José Cela

Saved in:
Bibliographic Details
Main Author: Ilie, Paul (Author)
Format: Book
Language:Spanish
Published: Madrid Gredos 1963
Series:Biblioteca Románica Hispánica. Estudios y Ensayos, 65
Subjects:
Tags: Add Tag
No Tags, Be the first to tag this record!

MARC

LEADER 00000nam a2200000 a 4500
001 UCT7389
003 CL-VaPUC
008 970117e19630000SP |||||||||||||||||spa|d
082 0 4 |a 863.09  |b ILI  |2 21 
100 |a Ilie, Paul  |e author  |9 378335 
245 1 3 |a La novelística de Camilo José Cela 
300 |a 238 p 
942 |c BK 
945 |d 19970117 00:00:00  |a nastorga 
260 |a Madrid  |b Gredos  |c 1963 
600 0 7 |a CELA, CAMILO JOSE  |2 CL-VaPUC  |9 320105 
650 7 |a NOVELA ESPAÑOLA  |2 CL-VaPUC  |9 313139 
650 0 |a Crítica e interpretación   |9 255042 
583 |a last modification  |c 19970117 00:00:00  |k Rodrigo Vera 
490 0 |a Biblioteca Románica Hispánica. Estudios y Ensayos, 65 
999 |c 256015  |d 256013 
952 |0 0  |1 0  |4 0  |6 863_090000000000000_ILI_1963  |7 0  |8 A  |9 278532  |a BIBEDU  |b BIBEDU  |d 2019-11-19  |i 3272753  |o 863.09 ILI 1963  |p 3272753  |r 2019-11-19  |w 2019-11-19  |y BK  |k LIT 
952 |0 0  |1 0  |4 0  |6 863_090000000000000_ILI_1963  |7 0  |8 A  |9 278533  |a BIBEDU  |b BIBEDU  |d 2019-11-19  |i 3270777  |o 863.09 ILI 1963  |p 3270777  |r 2019-11-19  |w 2019-11-19  |y BK  |k LIT